| 000 | 01223cam a22003257a 4500 | ||
|---|---|---|---|
| 003 | CHAP | ||
| 005 | 20220329135949.0 | ||
| 008 | 971013s1969 r 00010 d | ||
| 010 | _a44792 | ||
| 011 | _a45764 | ||
| 035 | _a49903 | ||
| 040 | _cCHAP | ||
| 082 |
_a636.087 _bU53Y |
||
| 100 | 0 | 0 |
_aUnderwood, Eric J. _9116139 |
| 245 | 1 | 4 | _aLos minerales en la alimentación del ganado |
| 260 |
_aZaragoza : _bAcribia, _c1969 |
||
| 300 |
_a320 p. _b: ilus. |
||
| 590 |
_aBATCH-UPD _b10 _c20130110 _lUCH01 _h2006 |
||
| 590 |
_aBATCH-UPD _b10 _c20130410 _lUCH01 _h1326 |
||
| 590 |
_aCONVERSION _b10 _c20130109 _lUCH01 _h1325 |
||
| 650 | 1 | 4 |
_aAlimentos y alimentacion del ganado. _94326 |
| 650 | 1 | 4 |
_aAnimales _xElementos minerales. _95861 |
| 901 | _aBK | ||
| 942 | _cLIBRO | ||
| 949 |
_a636.087 U53Y _bBC _cLIBRO _d33724000275210 _eLIBRO _h14704 _i49903 _si _t135.00 |
||
| 949 |
_a636.087 U53Y _bBC _cLIBRO _d33724000275228 _eLIBRO _fc.4 _h37791 _i49903 _si _t135.00 |
||
| 949 |
_a636.087 U53Y _bBC _cLIBRO _d33724000275236 _eLIBRO _fc.3 _h36894 _i49903 _si _t135.00 |
||
| 949 |
_a636.087 U53Y _bBC _cLIBRO _d33724000275244 _eLIBRO _fc.2 _h36893 _i49903 _si _t135.00 |
||
| 949 |
_a636.087 U53Y _bBC _cLIBRO _d33724000275251 _eLIBRO _fc.5 _h75953 _i49903 _si _t135.00 |
||
| 999 |
_c44792 _d44792 |
||